000 00770 a2200205 4500
001 53822
005 20260407155809.0
008 260407a1975 arg spa d
003 AR-UNSa-BCEJYS
040 _aAR-UNSa-BCEJYS
_bspa
_cAR-UNSa-BCEJYS
080 _a330(82)
_xEconomia Argentina
245 1 0 _aNotas sobre inflación, distribución del ingreso y comercio internacional
264 1 _aBuenos Aires :
_bEl Coloquio
_c1975
300 _a180 p.
_c21 cm.
505 _a1. Notas sobre inflación. distribución del ingreso y comercio internacional - 2. Nuevos enfoques sobre comercio internacional - 3. Los conflictos de la inversión extranjera directa
041 _aspa
942 _cBK
590 _aniveau_biblio:m niveau_hierar:0
100 1 _aVillanueva, Javier
999 _c5247
_d5247